000 00877cab a2200265 4500
001 ABS51765
008 090401t1994 xxu||||| |||| 00| 0 eng d
035 _a(Sirsi) u43245
041 _aeng
100 _aBlunt, S.
245 _aRestored land: long term options
260 _c1994
350 _a0
490 _aCSM (Chartered Surveyor Monthly)
_v4(2) November/December 1994, 48-49(2)
520 _aDiscusses possible uses for reclaimed land which will cut maintenance costs and offer revenue-earning potential. Highlights leisure developments, landscape and public open space, agriculture, forestry and wetlands.
650 _aAFTER-USES
650 _aCOMMERCIAL FORESTRY
650 _aCOTSWOLD WATER PARK
650 _aDERELICT LAND
650 _aLAND RECLAMATION
650 _aLEISURE DEVELOPMENT
690 _aLAND
942 _n0
948 _c04/03/1997
999 _c27641
_d27641